Full Names of Famous Pairs Quiz Stats

Quiz Updated Dec 24, 2015

Challenge
Share
Tweet
Score 0/36 Timer 08:00
5 Plays Today
% Correct
Sherlock and Dr. John
96.9%
Fred and Barney
96.2%
John and Paul
95.9%
Fred and Ginger
94.7%
Romeo and Juliet
94.6%
Paul and Art
93.9%
Humphrey and Lauren
93.4%
Richard 'Cheech' and Tommy
86.7%
Dr. Henry and Edward
86.1%
Fox and Dana
84.9%
David and Ken 'Hutch'
84.9%
Daryl and John
84%
Stan and Oliver
83.2%
Sid and Nancy
82.2%
Bud and Lou
80.8%
'Captain' Daryl and Toni
76.7%
Kylie and Jason
75.3%
Harold and Kumar
75.1%
% Correct
Sam and Diane
74.1%
Bonnie and Clyde
73.2%
Richard and Oscar
72.4%
Meriwether and William
71.9%
Christine and Mary Beth
71.8%
Stephen and Hugh
68.8%
Laverne and Shirley
61.7%
Will and Grace
60.4%
Elizabeth and Fitzwilliam
58.5%
Phineas Taylor and James Anthony
56.8%
Dan and Dick
56.2%
Jayne and Christopher
53.8%
Ben and Jerry
51.1%
Wayne and Garth
50.8%
Siegfried and Roy
49.4%
Reginald and Bertie
47.1%
William Schwenck and Arthur
43.7%
Bill and Ted
42.5%

You're not logged in!

Compare scores with friends on all Sporcle quizzes.
Join for Free
OR
Log In

You Might Also Like...

Show Comments

Extras

Top Quizzes Today


Score Distribution

Your Account Isn't Verified!

In order to create a playlist on Sporcle, you need to verify the email address you used during registration. Go to your Sporcle Settings to finish the process.

Report this User

Report this user for behavior that violates our Community Guidelines.

Details: